Lanean...

ആർ ശങ്കർ: ഒരു യുഗസ്രഷ്ടാവ് /

Xehetasun bibliografikoak
Beste egile batzuk: Raghu,Anchayil (Argitaratzailea)
Formatua: Printed Book
Hizkuntza:Malayalam
Argitaratua: Kozhikode: Mathrubhumi Books, 2015.
Edizioa:1st ed
LEADER 00637nam a22001697a 4500
008 170325b xxu||||| |||| 00| 0 mal d
999 |c 235464  |d 235464 
020 |a 9788182665828 
082 |a 923.2S RAG/R 
245 |a ആർ ശങ്കർ:  |c ed by Raghu,Anchayil  |b ഒരു യുഗസ്രഷ്ടാവ് / 
250 |a 1st ed 
260 |a Kozhikode:  |b Mathrubhumi Books,  |c 2015. 
300 |b 398p. 
700 |a Raghu,Anchayil  |e editor 
942 |c BK 
246 |a R Sankar:oru yugasrashtavu/ 
952 |0 0  |1 0  |4 0  |6 923_000000000000000_2S_RAG_R  |7 0  |9 261420  |a MAL  |b MAL  |c ST1  |d 2017-03-25  |g 350.00  |l 0  |o 923.2S RAG/R  |p MAL39252  |r 2017-03-25  |w 2017-03-25  |y BK